Preservation is overtaking us / (Record no. 607895)
[ view plain ]
| 000 -LEADER | |
|---|---|
| fixed length control field | 01770cam a2200385 i 4500 |
| 001 - CONTROL NUMBER | |
| control field | 18110845 |
| 003 - CONTROL NUMBER IDENTIFIER | |
| control field | OSt |
| 005 - DATE AND TIME OF LATEST TRANSACTION | |
| control field | 20240220130711.0 |
| 008 - FIXED-LENGTH DATA ELEMENTS--GENERAL INFORMATION | |
| fixed length control field | 140410s2014 nyua 000 0 eng |
| 010 ## - LIBRARY OF CONGRESS CONTROL NUMBER | |
| LC control number | 2014014300 |
| 020 ## - INTERNATIONAL STANDARD BOOK NUMBER | |
| International Standard Book Number | 9781883584740 (pbk.) |
| 020 ## - INTERNATIONAL STANDARD BOOK NUMBER | |
| International Standard Book Number | 9781883584986 (clothbound) |
| 040 ## - CATALOGING SOURCE | |
| Original cataloging agency | DLC |
| Language of cataloging | eng |
| Transcribing agency | DLC |
| Description conventions | rda |
| Modifying agency | DLC |
| 042 ## - AUTHENTICATION CODE | |
| Authentication code | pcc |
| 050 00 - LIBRARY OF CONGRESS CALL NUMBER | |
| Classification number | NA2543.S6 |
| Item number | K66 2014 |
| 082 00 - DEWEY DECIMAL CLASSIFICATION NUMBER | |
| Classification number | 720.288 |
| Edition number | 23 |
| Author Mark | KOO |
| 100 1# - MAIN ENTRY--PERSONAL NAME | |
| Personal name | Koolhaas, Rem, |
| Relator term | author. |
| 9 (RLIN) | 31892 |
| 240 10 - UNIFORM TITLE | |
| Uniform title | Speeches. |
| Form subheading | Selections |
| 245 10 - TITLE STATEMENT | |
| Title | Preservation is overtaking us / |
| Statement of responsibility, etc. | Rem Koolhaas. Supplement to OMA's Preservation manifesto / Jorge Otero-Pailos ; introduction by Mark Wigley ; edited by Jordan Carver. |
| 260 ## - PUBLICATION, DISTRIBUTION, ETC. | |
| Place of publication, distribution, etc. | New york; |
| Date of publication, distribution, etc. | 2014. |
| 300 ## - PHYSICAL DESCRIPTION | |
| Extent | 104 pages : |
| Other physical details | chiefly color illustrations ; |
| Dimensions | 19 cm. |
| 490 0# - SERIES STATEMENT | |
| Series statement | GSAPP transcripts |
| 505 0# - FORMATTED CONTENTS NOTE | |
| Formatted contents note | Recent work / Rem Koolhaas -- The Paul S. Byard Memorial Lecture / Rem Koolhaas -- OMA'S Preservation manifesto -- Supplement to OMA'S Preservation manifesto / Jorge Otero-Pailos. |
| 650 #0 - SUBJECT ADDED ENTRY--TOPICAL TERM | |
| Topical term or geographic name entry element | Architecture and society. |
| 9 (RLIN) | 9975 |
| 650 #0 - SUBJECT ADDED ENTRY--TOPICAL TERM | |
| Topical term or geographic name entry element | Historic preservation. |
| 9 (RLIN) | 120822 |
| 700 1# - ADDED ENTRY--PERSONAL NAME | |
| Personal name | Wigley, Mark, |
| Relator term | writer of introduction. |
| 9 (RLIN) | 120823 |
| 700 1# - ADDED ENTRY--PERSONAL NAME | |
| Personal name | Carver, Jordan, |
| Relator term | editor of compilation. |
| 9 (RLIN) | 120824 |
| 700 12 - ADDED ENTRY--PERSONAL NAME | |
| Personal name | Koolhaas, Rem, |
| Relator term | author. |
| Title of a work | Recent work. |
| 9 (RLIN) | 120825 |
| 700 12 - ADDED ENTRY--PERSONAL NAME | |
| Personal name | Otero-Pailos, Jorge, |
| Relator term | author. |
| Title of a work | Supplement to OMA's Preservation manifesto. |
| 9 (RLIN) | 120826 |
| 710 2# - ADDED ENTRY--CORPORATE NAME | |
| Corporate name or jurisdiction name as entry element | Columbia University. |
| Subordinate unit | Graduate School of Architecture, Planning, and Preservation. |
| 9 (RLIN) | 120827 |
| 906 ## - LOCAL DATA ELEMENT F, LDF (RLIN) | |
| a | 7 |
| b | cbc |
| c | orignew |
| d | 1 |
| e | ecip |
| f | 20 |
| g | y-gencatlg |
| 942 ## - ADDED ENTRY ELEMENTS (KOHA) | |
| Source of classification or shelving scheme | |
| Koha item type | Book |
| Institution code [OBSOLETE] | SADA |
| Call number prefix | 720.288 KOO 2016 |
| Withdrawn status | Lost status | Source of classification or shelving scheme | Damaged status | Not for loan | Permanent Location | Current Location | Date acquired | Source of acquisition | Total Checkouts | Full call number | Barcode | Date last seen | Cost, replacement price | Price effective from | Koha item type |
|---|---|---|---|---|---|---|---|---|---|---|---|---|---|---|---|
| School of Art Design and Architecture (SADA) | School of Art Design and Architecture (SADA) | 08/16/2018 | Golden Books | 720.288 KOO 2016 | SADA0002794 | 02/20/2024 | 2575.23 | 02/20/2024 | Book |
